1797 1177 1993 1816 1913 1320 1832 1397 1505 1242 1779 1395 1389 1621 1360 1578 1493 1768 1066 1677 1225 1288 1537 1312 1333 1175 1473 1586 1672 1258 1500 1189 1592 1479 1541 1638 1153 1825 1610 1732 1692 1054 1478 1027 1848 1181 1121 1341 1327 1371 1978 1636 1934 1821 1597 1487 1460 1454 1182 1087 1766 1378 1639 1600 1541 1836 1980 1649 1932 1457 1021 1817 1486 1420 1752 1698 1776 1405 1795 1381 1977 1854 1688 1870 1972 1147 1271 1475 1235 1425 1403 1504 1198 1595 1915 1329 1192 1848 1685 BCNSPRNW ULIB Ver.6.0+V

เปลี่ยนเป็นภาษาไทย

Change to English
 แสดงรายละเอียดบรรณานุกรม
  กลับหน้าหลัก

Brief Record : Get Marc (ISO 2709) : E-mail record : QR code < ปิดหน้าต่าง
LEADER : 00000nam 2200000uu 4500
001    13399112495
003     ULIB
008    110819s2550||||th 000 0 tha d
020    9789747477009
060 04 QV55^bส759ร 2550
100 0  สุชาดา โตพึ่งพงศ์
245 10 รู้โรครู้ยาและการรักษาด้วยตัวเอง /^cสุชาดา โตพึ่งพงศ์ ;[ประภาส เที่ยงธรรม, บรรณาธิการ]
250    พิมพ์ครั้งที่ 1
260    กรุงเทพฯ :^bเรือนปัญญา,^c2550
300    210 หน้า ;^c22 ซม.
650  7 การใช้ยา
650  7 การใช้ยา^vคู่มือ
650  7 ยา^vคู่มือ
700 0  ประภาส เที่ยงธรรม,^eบรรณาธิการ
945    ^p165^l0^i24841
995    กัณชพร
999    ^aใช้งานได้ทุกระบบ
รายการนี้ยังไม่มีแท็ก
คุณยังไม่ได้ล็อกอิน คุณสามารถมีกิจกรรมร่วมกับเว็บไซต์ได้ แต่ต้องล็อกอินก่อน ::
  ล็อกอิน

รายการสื่อสารสนเทศ

ลำดับที่ ประเภท เลขเรียก/บาร์โค้ด สถานที่ สถานะ
- ไม่พบข้อมูล -

รายการใกล้เคียง
    หัวเรื่อง [การใช้ยา]

BibComment


ยังไม่เคยถูกคอมเมนท์

คอมเมนท์ทรัพยากรรายการนี้
  คอมเมนท์: รู้โรครู้ยาและการ..


 Copyright 2026. Bcnsprnw @Library